Normal view
MARC view
Entry Término temático
001 - NÚMERO DE CONTROL
- campo de control: 26817
003 - IDENTIFICADOR DEL NÚMERO DE CONTROL
- campo de control: FranzMayer
005 - FECHA Y HORA DE LA ÚLTIMA TRANSACCIÓN
- campo de control: 20190320211206.0
008 - DATOS DE LONGITUD FIJA
- campo de control de longitud fija: 190320|| aca||aabn | a|a d
040 ## - FUENTE DE LA CATALOGACIÓN
- Centro catalogador/agencia de origen: FranzMayer
- Centro/agencia transcriptor: FranzMayer
150 ## - ENCABEZAMIENTO--TÉRMINO DE MATERIA
- Término de materia o nombre geográfico como elemento de entrada: Telas
- Subdivisión de forma: Congresos
- Subdivisión general: Coleccionistas y colecciones
- Subdivisión cronológica: Siglo XVIII
- Subdivisión geográfica: América
670 ## - FUENTE DE DATOS ENCONTRADOS
- Cita de la fuente: Work cat.: (FranzMayer): Irene Emery Roundtable on Museum Textiles Washington, D.C. 1975 26816, Imported and domestic textiles in 18th-century America, 1975